000 00477nam a2200157Ia 4500
008 220216s9999 xx 000 0 und d
100 _aBlanadet R
245 0 _aRubber regeneration programmes in Southeast Asia: Malaysia, Indonesia and Thailand
260 _bBulletin de lAssociation de Geographes Francais
_c1990
300 _a194-198
500 _aSource Year: 1992
650 _aAgricultural development
650 _aHevea brasiliensis
856 _uATA
942 _cJS
999 _c67948
_d67948